Marcas que começam com P - Statistics

Estatísticas Gerais
  • Esse quiz foi jogado 38 vezes
  • A pontuação média é 3 de 36
Estatísticas das Respostas
Hint Resposta % Correto
1. Pepsi
62%
4. Puma
45%
28. Prada
38%
17. Peugeot
24%
12. Pantene
17%
3. Philips
17%
25. PlayStation
17%
6. Pandora
14%
9. Panasonic
10%
15. Pizza Hut
10%
24. Playmobil
10%
26. Porsche
10%
10. Pringles
10%
8. Palmolive
7%
14. Paramount
7%
19. Pfizer
7%
22. Pixar Studios
7%
23. Playboy
7%
7. Paco Rabanne
3%
13. PayPal
3%
18. Pedigree
3%
21. Pierre Cardin
3%
33. Polaroid
3%
29. Prince
3%
5. Pull and Bear
3%
32. Palmalat
0%
34. Panda Express
0%
11. Pepe Jeans
0%
16. Persil
0%
20. Philadelphia Cream Cheese
0%
35. Polo Ralph Lauren
0%
27. Post It
0%
31. Président
0%
36. Pritt
0%
2. Prozis
0%
30. Purina
0%
Nenhum quiz correspondente encontrado
Distribuição das Pontuações
Porcentagem de Pessoas com Cada Pontuação
Percentil de Números Respondidos
Sua Pontuação Histórica
Você não jogou esse quiz